Văn hóa ẩm thực Kinh Bắc Q.1
Giới thiệu văn hóa ẩm thựcKinh Bắc: Phong tục, tập quán , những món ăn thường gặp ở xứ Bắc.
Đã lưu trong:
| Tác giả chính: | |
|---|---|
| Định dạng: | Sách |
| Năm xuất bản: |
H.
Văn hóa Thông tin
2014
|
| Chủ đề: | |
| Tags: |
Thêm thẻ
Không có thẻ, Hãy là người đầu tiên gắn thẻ bản ghi này!
|
| LEADER | 00870nam a2200193 4500 | ||
|---|---|---|---|
| 082 | |a 394.12 |b TR 120 Q | ||
| 100 | |a Trần Quốc Thịnh | ||
| 245 | |a Văn hóa ẩm thực Kinh Bắc |c Trần Quốc Thịnh |n Q.1 | ||
| 260 | |a H. |b Văn hóa Thông tin |c 2014 | ||
| 300 | |a 479tr. |c 21cm | ||
| 500 | |a Đầu trang tên sách ghi: Hội Văn nghệ dân gian Việt Nam | ||
| 520 | |a Giới thiệu văn hóa ẩm thựcKinh Bắc: Phong tục, tập quán , những món ăn thường gặp ở xứ Bắc. | ||
| 653 | |a Văn hóa dân gian | ||
| 653 | |a Việt Nam | ||
| 653 | |a Kinh Bắc | ||
| 653 | |a Ẩm thực | ||
| 942 | |2 ddc |c SH | ||
| 999 | |c 5675 |d 5675 | ||
| 952 | |0 0 |1 0 |2 ddc |4 0 |6 394_120000000000000_TR_120_Q |7 0 |8 300 |9 52125 |a qbu |b qbu |c D2 |d 2014-12-27 |g 96000 |o 394.12 TR 120 Q |p 4949.C1 |r 0000-00-00 |w 2014-12-27 |y SH |0 0 |6 394_120000000000000_TR_120_Q |0 0 |6 394_120000000000000_TR_120_Q | ||